Elsevier's Dictionary of High Vacuum Science and Technology: (Record no. 12570)
[ view plain ]
| 000 -LEADER | |
|---|---|
| fixed length control field | 01030cam a22002531 4500 |
| 001 - CONTROL NUMBER | |
| control field | 4535703 |
| 005 - DATE AND TIME OF LATEST TRANSACTION | |
| control field | 20010924113534.0 |
| 008 - FIXED-LENGTH DATA ELEMENTS--GENERAL INFORMATION | |
| fixed length control field | 711005s1968 ne d 000 0 eng |
| 010 ## - LIBRARY OF CONGRESS CONTROL NUMBER | |
| LC control number | 67019852 |
| 015 ## - NATIONAL BIBLIOGRAPHY NUMBER | |
| National bibliography number | Ne68-10 |
| 040 ## - CATALOGING SOURCE | |
| Original cataloging agency | DLC |
| Transcribing agency | DLC |
| Modifying agency | DLC |
| 041 0# - LANGUAGE CODE | |
| Language code of text/sound track or separate title | engmul |
| 050 00 - LIBRARY OF CONGRESS CALL NUMBER | |
| Classification number | TJ940 |
| Item number | .W4 |
| 082 00 - DEWEY DECIMAL CLASSIFICATION NUMBER | |
| Classification number | 621.5503 |
| Edition number | 22 |
| Item number | HIG |
| 100 1# - MAIN ENTRY--PERSONAL NAME | |
| Personal name | Weber, Fritz, |
| Relator term | comp. |
| 9 (RLIN) | 8434 |
| 245 10 - TITLE STATEMENT | |
| Title | Elsevier's Dictionary of High Vacuum Science and Technology: |
| Remainder of title | In six languages: German, English, French, Spanish, Italian, Russian. |
| Statement of responsibility, etc | Compiled and arranged on a German alphabetical basis by Fritz Weber. Introduction by E. Thomas and K. Diels. |
| 260 ## - PUBLICATION, DISTRIBUTION, ETC. (IMPRINT) | |
| Place of publication, distribution, etc | Amsterdam, |
| -- | New York [etc.]: |
| Name of publisher, distributor, etc | Elsevier Pub. Co., |
| Date of publication, distribution, etc | 1968. |
| 300 ## - PHYSICAL DESCRIPTION | |
| Extent | 539 p.; |
| Dimensions | 23 cm. |
| 350 ## - PRICE (NR) (BK AM CF MU VM SE) [OBSOLETE] | |
| Price | fl80.- |
| 650 #0 - SUBJECT ADDED ENTRY--TOPICAL TERM | |
| Topical term or geographic name as entry element | Vacuum technology |
| General subdivision | Dictionaries |
| -- | Polyglot. |
| 9 (RLIN) | 8435 |
| 650 #0 - SUBJECT ADDED ENTRY--TOPICAL TERM | |
| Topical term or geographic name as entry element | Dictionaries, Polyglot. |
| 9 (RLIN) | 8436 |
| 942 ## - ADDED ENTRY ELEMENTS (KOHA) | |
| Source of classification or shelving scheme | Dewey Decimal Classification |
| Item type | Book - Borrowing |
| Withdrawn status | Item status | Source of classification or shelving scheme | Damaged status | Not for loan | Vendor | Home library | Current library | Shelving location | Date acquired | Source of acquisition | Total Checkouts | Full call number | Barcode | Date last seen | Koha item type |
|---|---|---|---|---|---|---|---|---|---|---|---|---|---|---|---|
| Dewey Decimal Classification | Alef-Baa | Central Library | Central Library | First floor | 12/08/2009 | 621.5503 HIG | 000017651 | 15/07/2025 | Book - Borrowing |